000 00546nam a2200181Ia 4500
008 240729s9999 xx 000 0 und d
022 _a2155-384X
245 0 _aClinical and Translational Gastroenterology
260 _aUnited States
260 _bWolters Kluwer
650 _a Diseases of the digestive system. Gastroenterology
650 _a Internal medicine
650 _a Specialties of internal medicine
650 _aMedicine
856 _uhttps://doaj.org/toc/0eaa0c8321454468b3ff0de3fdce0fbe
942 _2ddc
942 _cDOAJEJ
999 _c68780
_d68780
945 _a1
_bMadushi Gamage
_c1
_dMadushi Gamage